Lataa...

Cheengannivettakkarante Atmakadhayum Muthalalayiniyum/

Bibliografiset tiedot
Päätekijä: Indugopan G R
Aineistotyyppi: Printed Book
Julkaistu: Thiruvananthapuram: Chintha Publishers, 2013.
Aiheet:
LEADER 00581nam a22001697a 4500
999 |c 143897  |d 143897 
020 |a 9789383155644 
082 |a M3  |b IND/C 
100 |a Indugopan G R 
245 |a Cheengannivettakkarante Atmakadhayum Muthalalayiniyum/  |c by Indugopan G R 
260 |a Thiruvananthapuram:  |b Chintha Publishers,  |c 2013. 
300 |a 272p. 
650 |a Novel Malayalam 
650 |a Literature Malayalam 
650 |a Literature 
942 |c BK 
952 |0 0  |1 0  |4 0  |6 M_3_000000000000000_IND_C  |7 0  |9 100790  |a SSUS  |b SSUS  |c STACKS  |d 2019-11-14  |g 225.00  |o M3 IND/C  |p 097523  |r 2019-11-14  |w 2019-11-14  |y BK